000 00615nam a2200181Ia 4500
005 20260429112042.0
008 260429s9999||||xx |||||||||||||| ||und||
020 _a9789391798499
041 _aHindi
082 _a302.2
_bSHU
100 _a शुदांशु, अनिरुद्ध कुमार
245 0 _aसम्प्रेषण कला /
_cअनिरुद्ध कुमार शुदांशु
250 _a1st ed.
260 _aदिल्ली :
_bएकैडमिक पब्लिकेशन,
_c2023.
300 _a196 p.; Hb
650 _aCommunication
942 _cTB
999 _c52097
_d52097